000 00562cam a22002053a 4500
001 38126
003 PGUSA
005 20140828083834.0
008 111124s2011||||xxu|||||s|||||000 | eng d
040 _aPGUSA
_beng
042 _adc
100 1 _aMann, Heinrich,
_d1871-1950
245 1 0 _aDer Untertan
_h[electronic resource] /
_cHeinrich Mann
260 _bProject Gutenberg,
_c2011
506 _aPublic domain in the USA.
516 _aElectronic text
830 0 _aProject Gutenberg
_v38126
856 4 0 _uhttp://www.gutenberg.org/ebooks/38126
942 _cEB
999 _c267380
_d267380